Obras completas de San Agustín. (Record no. 172067)

MARC details
000 -LEADER
campo de control de longitud fija 01529nam a2200313 i 4500
001 - NÚMERO DE CONTROL
campo de control 172067
003 - IDENTIFICADOR DE NÚMERO DE CONTROL
campo de control ES-MaACL
005 - FECHA Y HORA DE LA ÚLTIMA TRANSACCIÓN
campo de control 20250820142554.0
007 - CAMPO FIJO DE DESCRIPCIÓN FÍSICA--INFORMACIÓN GENERAL
campo de control de longitud fija t|
008 - DATOS DE LONGITUD FIJA--INFORMACIÓN GENERAL
campo de control de longitud fija 090612s1990 sp |||| | spa d
020 ## - NÚMERO INTERNACIONAL ESTÁNDAR DEL LIBRO
Número Internacional Estándar del Libro 84-7914-012-7
100 0# - ENTRADA PRINCIPAL--NOMBRE DE PERSONA
Nombre de persona Agustín
Títulos y otros términos asociados al nombre Santo, Obispo de Hipona.
9 (RLIN) 125563
245 10 - MENCIÓN DEL TÍTULO
Título Obras completas de San Agustín.
Número de parte o sección de la obra XXXVIII,
Nombre de parte o sección de la obra Escritos contra los arrianos y otros herejes /
Mención de responsabilidad, etc. introducciones, versiones, notas e índices de Teodoro Calvo Madrid y José Mª Ozaeta León ; traducción de Santos Santamarta ; [texto latino preparado para esta edición por Enrique Garmón].
250 ## - MENCION DE EDICION
Mención de edición Ed. bilingüe.
260 ## - PUBLICACIÓN, DISTRIBUCIÓN, ETC.
Lugar de publicación, distribución, etc. Madrid :
Nombre del editor, distribuidor, etc. Biblioteca de Autores Cristianos,
Fecha de publicación, distribución, etc. 1990.
300 ## - DESCRIPCIÓN FÍSICA
Extensión XXI, 935 p. ;
Dimensiones 20 cm.
490 1# - MENCIÓN DE SERIE
Mención de serie Biblioteca de autores cristianos ;
Designación de volumen o secuencia 512
500 ## - NOTA GENERAL
Nota general Índices.
505 8# - NOTA DE CONTENIDO CON FORMATO
Nota de contenido con formato Contiene: Las herejías ; Sermón de los arrianos ; Réplica al Sermón de los arrianos ; Debate con Maximino, obispo arriano ; Réplica al mismo Maximino ; A Orosio, contra los priscilianistas y origenistas ; Réplica al adversario de la Ley y los Profetas ; Tratado contra los judíos
546 ## - NOTA DE IDIOMA
Nota de lengua/lenguaje Texto latino y traducción en español.
650 #4 - PUNTO DE ACCESO ADICIONAL DE MATERIA--TÉRMINO DE MATERIA
Término de materia o nombre geográfico como elemento de entrada Arrianismo.
9 (RLIN) 153228
650 #4 - PUNTO DE ACCESO ADICIONAL DE MATERIA--TÉRMINO DE MATERIA
Término de materia o nombre geográfico como elemento de entrada Judaísmo-
Subdivisión de forma Obras de controversia.
9 (RLIN) 13970
700 1# - ENTRADA AGREGADA--NOMBRE PERSONAL
Nombre de persona Calvo Madrid, Teodoro,
Fechas asociadas al nombre 1929-
9 (RLIN) 140657
700 1# - ENTRADA AGREGADA--NOMBRE PERSONAL
Nombre de persona Ozaeta, José María.
9 (RLIN) 88064
700 1# - ENTRADA AGREGADA--NOMBRE PERSONAL
Nombre de persona Garmón, Enrique.
9 (RLIN) 140644
830 00 - PUNTO DE ACCESO ADICIONAL DE SERIE-TÍTULO UNIFORME
Título uniforme Biblioteca de autores cristianos
Designación de volumen o secuencia 512
9 (RLIN) 178679
852 ## - LOCALIZACIÓN
Ubicación ES-MaACL
Número de control de estantería J-499
Holdings
Estatus retirado Estado de pérdida Estado de daño No para préstamo Biblioteca de origen Biblioteca actual Ubicación en estantería Fecha de adquisición Fuente de adquisición Total de préstamos Signatura topográfica completa Código de barras Visto por última vez Precio de reemplazo Tipo de ítem Koha
        Biblioteca del Ateneo de Madrid Biblioteca del Ateneo de Madrid Depósito 2 12/06/2009     J-499 1180573 23/02/2023 23/02/2023 Libro impreso